Maailman heikoimmat passit - Statistics

Yleistilastot
  • Tätä visaa on pelattu 35 kertaa
  • Keskiarvotulos 18 / 31
Vastaustilastot
% Oikein
29 Irak
87%
40 Iran
87%
31 Pakistan / Jemen
87%
35 Pohjois-Korea / Nepal
87%
32 Somalia
87%
56 Burkina Faso / Kuuba / Intia / Senegal
84%
49 Egypti / Haiti / Jordania / Liberia
84%
24 Afganistan
81%
54 Niger
74%
55 Algeria / Norsunluurannikko / Gabon / Madagaskar / Mauritania
71%
39 Libya / Palestiina / Sri Lanka
71%
44 Nigeria
71%
26 Syyria
71%
45 Djibouti / Laos / Turkmenistan
68%
42 Etiopia / Myanmar
65%
59 Kirgisia / Mosambik / Uzbekistan
58%
53 Mali / Tadzikistan
58%
48 Angola / Burundi / Keski-Afrikan Tasavalta / Vietnam
55%
38 Eritrea
55%
41 Etelä-Sudan / Sudan
55%
47 Bhutan / Kambodza / Kamerun
48%
52 Päiväntasaajan Guinea / Guinea
45%
51 Tsad
45%
50 Komorit / Guinea-Bissau
42%
43 Kongon demokraattinen tasavalta / Libanon
42%
36 Bangladesh
32%
57 Togo
32%
62 Sierra Leone
19%
61 Zimbabwe
16%
58 Sao Tome ja Principe
10%
46 Kongon tasavalta
3%
Ehtoja vastaavia visoja ei löytynyt
Tulosjakauma
Jokaisen tuloksen saaneiden osuus
Persentiili vastausten määrän mukaan
Tuloshistoriasi
Et ole pelannut tätä visaa